Colección de pláticas para el uso de los curas de las aldeas (Record no. 8179)

MARC details
000 -CABECERA
campo de control de longitud fija 01098nam a2200241 a 4500
001 - NÚMERO DE CONTROL
campo de control BRCA_8513
003 - IDENTIFICADOR DEL NÚMERO DE CONTROL
campo de control FranzMayer
005 - FECHA Y HORA DE LA ÚLTIMA TRANSACCIÓN
campo de control 20230724110146.0
008 - DATOS DE LONGITUD FIJA--INFORMACIÓN GENERAL
campo de control de longitud fija 170816s1786----sp-#######---#000-0#spa-#
040 ## - FUENTE DE LA CATALOGACIÓN
Centro catalogador/agencia de origen MFM
Lengua de catalogación spa
Centro/agencia transcriptor MFM
041 ## - CÓDIGO DE LENGUA
Código de lengua del texto/banda sonora o título independiente spa
044 ## - CÓDIGO DEL PAÍS DE LA ENTIDAD EDITORA/PRODUCTORA
Código MARC del país sp
084 ## - OTRO NÚMERO DE CLASIFICACIÓN
Número de clasificación BE18
Número de documento/Ítem .C65 1786
245 10 - MENCIÓN DE TÍTULO
Título Colección de pláticas para el uso de los curas de las aldeas
Resto del título contiene instrucciones sobre todas las verdades de la Religión, acomodadas á la capacidad y á las necesidades de sus Parroquianos, y forman una Plática para cada Domingo por el espacio de dos años
Mención de responsabilidad, etc. obra traducida del francés al castellano por Joaquín Castellot.
260 ## - PUBLICACIÓN, DISTRIBUCIÓN, ETC.
Lugar de publicación, distribución, etc. Madrid
Nombre del editor, distribuidor, etc. En la Oficina de D. Plácido Barco López
Fecha de publicación, distribución, etc. 1786
300 ## - DESCRIPCIÓN FÍSICA
Extensión xiv, [6], 302 p. (t.1)
Dimensiones 21 x 15 cm.
500 ## - NOTA GENERAL
Nota general En portada : ´Se añade en este primer tomo La publicación de las Fiestas que suelen ocurrir entre Semana´
500 ## - NOTA GENERAL
Nota general Estado físico : encuadernación y hojas con manchas
650 14 - PUNTO DE ACCESO ADICIONAL DE MATERIA--TÉRMINO DE MATERIA
Término de materia o nombre geográfico como elemento de entrada Homilías
Subdivisión cronológica Obras anteriores a 1900
9 (RLIN) 21352
700 1# - PUNTO DE ACCESO ADICIONAL--NOMBRE DE PERSONA
Nombre de persona Castellot, Joaquín
Término indicativo de función/relación tr.
9 (RLIN) 21353
902 ## - CATALOGADOR
Iniciales CFM
942 ## - ELEMENTOS DE PUNTO DE ACCESO ADICIONAL (KOHA)
Fuente del sistema de clasificación o colocación Library of Congress Classification
Tipo de ítem Koha Libros
Holdings
Estado de retiro Estado de pérdida Fuente del sistema de clasificación o colocación Estado dañado No para préstamo Código de colección Localización permanente Ubicación/localización actual Fecha de adquisición Fuente de adquisición Total de préstamos Signatura topográfica completa Código de barras Fecha visto por última vez Precio válido a partir de Tipo de ítem Koha
El ejemplar forma parte de la colección y puede ser consultado según las políticas vigentes.   Library of Congress Classification     Conventual Franz Mayer Biblioteca del Museo Franz Mayer (Rogerio Casas-Alatriste) Biblioteca del Museo Franz Mayer (Rogerio Casas-Alatriste) 14/07/2016 Donación   BE18 .C65 1786 CFM00018 22/03/2019 22/03/2019 Libros